<?xml version="1.0" encoding="UTF-8"?>
<collection xmlns="http://www.loc.gov/MARC21/slim">
 <record>
  <leader>00950cam a2200169 7i4500</leader>
  <controlfield tag="001">0000135305</controlfield>
  <controlfield tag="005">20080205090000.0</controlfield>
  <controlfield tag="002">  0000000368</controlfield>
  <datafield tag="090" ind1="0" ind2="0">
   <subfield code="a">LP 42 FPSS 1 1996 </subfield>
  </datafield>
  <datafield tag="100" ind1="0" ind2="#">
   <subfield code="a">Nor Azizah Mohd Taib </subfield>
  </datafield>
  <datafield tag="235" ind1="0" ind2="0">
   <subfield code="a">Kesan kepadatan pelepasan terhadap kadar pertumbesaran dan peratus hidup udang harimau, Penaeus monodon Fabricius di dalam kolam ternakan </subfield>
   <subfield code="c">Nor Azizah Mohd Taib.</subfield>
  </datafield>
  <datafield tag="245" ind1="0" ind2="0">
   <subfield code="a">Laporan Projek FPSS (Ijazah Bacelor Sains Perikanan) 1996.</subfield>
  </datafield>
  <datafield tag="260" ind1="#" ind2="#">
   <subfield code="a">Terengganu: </subfield>
   <subfield code="b">Kolej Universiti Sains dan Teknologi Malaysia, </subfield>
   <subfield code="c">1996.</subfield>
  </datafield>
  <datafield tag="300" ind1=" " ind2=" ">
   <subfield code="a">xiv, 63 p.: </subfield>
   <subfield code="b">ill.; </subfield>
   <subfield code="c">30 cm..</subfield>
  </datafield>
  <datafield tag="502" ind1="#" ind2="#">
   <subfield code="a">Sebanyak 3 buah kolam yang mempunyai keluasan 0.5 ha digunakan di mana setiap kolam dibahagikan kepada tiga petak yang sama keluasan permukaan bertujuan untuk melepaskan benih udang galah dengan kadar 20 ekor m2, 30 ekor m2 dan 40 ekor m2 pada petaetak dalam setiap kolam</subfield>
  </datafield>
  <datafield tag="602" ind1="#" ind2="#">
   <subfield code="a">Laporan Projek FPSS 1996</subfield>
  </datafield>
  <datafield tag="999" ind1=" " ind2=" ">
   <subfield code="a">1000383011</subfield>
   <subfield code="b">Book</subfield>
   <subfield code="c">Koleksi Arkib</subfield>
   <subfield code="e">BILIK ARKIB</subfield>
  </datafield>
 </record>
</collection>
